Normal view
MARC view
Entry Topical Term
001 - CONTROL NUMBER
- control field: 23398
003 - CONTROL NUMBER IDENTIFIER
- control field: ARRUPE
005 - DATE AND TIME OF LATEST TRANSACTION
- control field: 20160324145630.0
008 - FIXED-LENGTH DATA ELEMENTS
- fixed length control field: 160324|| aca||aabn | a|a d
040 ## - CATALOGING SOURCE
- Original cataloging agency: ARRUPE
- Transcribing agency: ARRUPE
150 ## - HEADING--TOPICAL TERM
- Topical term or geographic name as entry element: Mossi (African people)
670 ## - SOURCE DATA FOUND
- Source citation: Work cat.: (ARRUPE)0: Skinner, Elliott P. (Elliott Percival), 1924-2007. 23397, The Mossi of Burkina Faso :, c1989.